01339nam a2200265 a 4500001001000000005001700010008004100027041000800068044000700076084002000083100004500103245012100148260002600269300001900295500022600314500016900540500005500709500001000764650005200774650005600826650003400882650004500916700006200961740005001023BRCA_248320190320203830.0211108s1840----fr-#---###---#000-0dspa-u aspa asp a123b.B39c18401 aCervantes Saavedra, Miguel ded1547-161610aEl Ingenioso Hidalgo Don Quijote de la Manchabcon la vida de Cervantesccompuesto por Miguel de Cervantes Saavedra. aParísbBaudryc1840 a679 p.c23 cm. aContenido : Primera parte. Advertencia del editor. Retrato de Cervantes. Vida de Cervantes por Navarrete. Dedicatoria del autor. Prólogo del autor. Texto. Segunda parte. Dedicatoria del autor. Prólogo del autor. Texto aEdición similar al LO-122. Sigue el texto de la edición académica de 1819, y contiene la biografía del autor escrita por M. F. de Navarrete Lúdovik Osterc aEstado físico : La portada se encuentra mutilada aQMB1214aNovela españolayÉpoca clásica, 1500-170014aLiteratura españolayÉpoca clásica, 1500-170014aNovela españolaySiglo XVII14aDon Quijote (Personaje ficticio)eNovela1 aFernández de Navarrete, Martínd1765-1844eBiógrafo0 aEl Ingenioso Hidalgo Don Quijote de la Mancha